• 首页
  • 本馆介绍
  • 公告通知
  • 最新文献
  • 馆藏检索
  • 电子资源
  • 读者导购
  • 参考咨询
  • 我的图书馆
  • 登录
  • 详细信息显示
  • 放入我的书架
  • 预约/预借图书
  • 作者相关作品
  • 分类相关作品
  • 丛书相关作品
  • 出版社相关作品

书目信息

  • 表格格式
  • 工作单格式
  • 卡片格式
题名:
海洋岩土工程
    
 
作者: 迪安 著 ;张广清 , 李世远 译
分册:  
出版信息: 北京   石油工业出版社  2017.04
页数: 343页
开本: 26cm
丛书名:
单 册:
中图分类: P754.5
科图分类:
主题词: 海洋工程
电子资源:
ISBN: 7-5183-1271-9
000 00718nam0 2200229 450
001 2354225942
005 20230216150806.19
010    @a7-5183-1271-9@dCNY130.00
100    @a20230216d2017 km y0chiy0120 ea
101 0  @achi
102    @aCN@b110000
102    @aCN@b110000
200 1  @a海洋岩土工程@AHai Yang Yan Tu Gong Cheng@f(英)迪安著;张广清,李世远译@F(Ying)Di An Zhu;Zhang Guang Qing,Li Shi Yuan Yi
210    @a北京@c石油工业出版社@d2017.04
215    @a343页@d26cm
606 0  @a海洋工程
690    @aP754.5@v4
701  0 @a迪安@ADi An@4著
702  0 @a张广清@AZhang Guang Qing@4译
702  0 @a李世远@ALi Shi Yuan@4译
801  0 @aCN@b大连网信软件有限公司图书馆·11@c20230216
905    @aZUCC@dP754.5@e135
    
    海洋岩土工程/(英)迪安著;张广清,李世远译.-北京:石油工业出版社,2017.04
    343页;26cm
    
    
    ISBN 7-5183-1271-9:CNY130.00
    
●
相关链接 在E读中查询图书 在五车中查询图书 在当当中查询图书 在豆瓣中查询图书


正题名:海洋岩土工程     索取号:P754.5/135         预约/预借

序号 登录号 条形码 馆藏地/架位号 状态 备注
1 1052731   210527312   第二样本阅览室/ [索取号:P754.5/135] 在馆    
唐山师范学院图书馆 欢迎您!
大连网信软件有限公司© 版权所有